000 00287nam a2200121Ia 4500
008 190216s9999||||xx |||||||||||||| ||und||
100 _aGeorge Nellayi
245 0 _aSwarna Velicham
260 _bPoorna Pubs Kozhikode
_c1992
300 _a120p
650 _aMalayalam Novel
942 _cBK
999 _c27191
_d27191